000 00629nam a22001817a 4500
005 20251108172902.0
008 250721s2002 xx 000 0 ara d
082 1 4 _a801.951/قعو
100 1 _aالقعود، عبد الرحمن
245 1 0 _aالإبهام في شعر الحداثة /
264 1 _aكويت :
_bعالم المعرفة،
_c2002.
300 _a477 ص
490 0 _aكتب ثقافية شهرية يصدرها المجلس الوطني للثقافة والفنون والآداب
_v؛279
650 1 7 _aالشعر العربي
650 1 7 _aالنقد الأدبي
942 _2ddc
_cBK
999 _c90899
_d90899